Research methods : (Record no. 353710)

000 -LEADER
fixed length control field 01186cam a2200325 a 4500
001 - CONTROL NUMBER
control field 17195374
003 - CONTROL NUMBER IDENTIFIER
control field OSt
005 - DATE AND TIME OF LATEST TRANSACTION
control field 20180116192416.0
008 - FIXED-LENGTH DATA ELEMENTS--GENERAL INFORMATION
fixed length control field 120305s2013 enk b 001 0 eng
010 ## - LIBRARY OF CONGRESS CONTROL NUMBER
LC control number 2012009073
020 ## - INTERNATIONAL STANDARD BOOK NUMBER
International Standard Book Number 9780415599832 (pbk. : alk. paper)
020 ## - INTERNATIONAL STANDARD BOOK NUMBER
International Standard Book Number 9780415599825 (hardback : alk. paper)
020 ## - INTERNATIONAL STANDARD BOOK NUMBER
International Standard Book Number 9780203097625 (ebook)
040 ## - CATALOGING SOURCE
Original cataloging agency DLC
Transcribing agency DLC
Modifying agency DLC
042 ## - AUTHENTICATION CODE
Authentication code pcc
050 00 - LIBRARY OF CONGRESS CALL NUMBER
Classification number H62
Item number .H23386 2013
082 00 - DEWEY DECIMAL CLASSIFICATION NUMBER
Classification number 001.4/2
Edition number 23
100 1# - MAIN ENTRY--PERSONAL NAME
Personal name Hammond, Michael,
Dates associated with a name 1956-
9 (RLIN) 6576
245 10 - TITLE STATEMENT
Title Research methods :
Remainder of title the key concepts /
Statement of responsibility, etc. Michael Hammond and Jerry Wellington.
260 ## - PUBLICATION, DISTRIBUTION, ETC.
Place of publication, distribution, etc. London ;
-- New York :
Name of publisher, distributor, etc. Routledge,
Date of publication, distribution, etc. 2013.
300 ## - PHYSICAL DESCRIPTION
Extent xi, 179 p. ;
Dimensions 23 cm.
490 0# - SERIES STATEMENT
Series statement Routledge key guides
505 0# - FORMATTED CONTENTS NOTE
Formatted contents note List of key concepts -- Preface -- The key concepts -- Glossary.
650 #0 - SUBJECT ADDED ENTRY--TOPICAL TERM
Topical term or geographic name entry element Social sciences
General subdivision Research
-- Methodology.
9 (RLIN) 6577
700 1# - ADDED ENTRY--PERSONAL NAME
Personal name Wellington, J. J.
Fuller form of name (Jerry J.)
9 (RLIN) 6578
906 ## - LOCAL DATA ELEMENT F, LDF (RLIN)
a 7
b cbc
c orignew
d 1
e ecip
f 20
g y-gencatlg
942 ## - ADDED ENTRY ELEMENTS (KOHA)
Source of classification or shelving scheme
Koha item type Book
Holdings
Withdrawn status Lost status Source of classification or shelving scheme Damaged status Not for loan Permanent Location Current Location Date acquired Total Checkouts Total Renewals Full call number Barcode Date last seen Date last checked out Copy number Cost, replacement price Price effective from Koha item type
          School of Art Design and Architecture (SADA) School of Art Design and Architecture (SADA) 06/18/2013 7 3 001.42 HAM 2013 SADA0002011 01/30/2026 12/22/2025 1 2396.26 07/08/2013 Book
© 2023 Central Library, National University of Sciences and Technology. All Rights Reserved.